00335nam a2200133Ia 4500003000400000005001700004008004100021020001900062040002700081100002700108245004900135260000800184260000900192OSt20240224103716.0170524s9999 xx 000 0 und d a978-8131711064 cIIMT UNIVERSITY MEERUT aBlaha- Michael/Rambagh 0aObject Oriented Modeling and Design with UML bPHI c2006